| 000 | 00942nam a2200241 a 4500 | ||
|---|---|---|---|
| 001 | 000599435 | ||
| 003 | AM-YeHGA | ||
| 005 | 20250617153047.0 | ||
| 008 | 080916s1978 ||||||||r|||||000|0|rus|d | ||
| 040 | _aAM-YeHGA | ||
| 041 | 0 | _arus | |
| 100 | 1 | _aСередин, Разумник Михайлович | |
| 245 | 1 | 0 |
_aЛекарственные растения и их применение / : _bР.М. Середин, С.Д. Соколов. |
| 250 | _a4-е изд., перераб. и доп. | ||
| 260 |
_aСтаврополь : _bКнижное изд-во, _c1978. |
||
| 300 |
_a288 с. : _bил. ; _c22 см. |
||
| 500 | _aУказ.: с. 260-274 | ||
| 504 | _aСписок лит.: с. 286 | ||
| 650 | 1 | 4 |
_aЛекарственные растения _vТерапевтическое применение |
| 650 | 1 | 4 | _aФитотерапия |
| 700 | 1 | _aСоколов, Серафим Дмитриевич | |
| 090 | _c385373 | ||
| 999 |
_c383410 _d383410 |
||